Normal view
MARC view
- Ruiz Nápoles, Pablo
Entry Nombre Personal
001 - NUMERO DE CONTROL
- campo de control: 46207
003 - IDENTIFICADOR DE NUMERO DE CONTROL
- campo de control: DLC
005 - FECHA Y HORA DE LA ÜLTIMA TRANSACCIÓN
- campo de control: 20220907102325.0
008 - DATOS DE LONGITUD FIJA
- campo de control de longitud fija: 220907n| acannaabn |a aaa
010 ## - NÚMERO DE CONTROL DE LA BIBLIOTECA DEL CONGRESO
- Número de control LC: n 2005065563
040 ## - FUENTE DE CATALOGACIÓN
- Agencia original de catalogación: DLC
- Lenguaje de catalogación: spa
- Agencia de transcripción: DLC
- Agencia que lo modifica: MX-MxUPN
100 1# - ENCABEZAMIENTO - NOMBRE PERSONAL
- Nombre personal: Ruiz Nápoles, Pablo
400 1# - VEÁSE - NOMBRE DE PERSONA
- Personal name: Nápoles, Pablo Ruiz
670 ## - FUENTE EN LA QUE SE LOCALIZARON DATOS
- Cita de la fuente: Puchet Anyul, Martín. Nuevas leyes de ciencia y tecnología y orgánica del CONACyT, 2003:
- Información localizada: portada (Pablo Ruiz Nápoles)
670 ## - FUENTE EN LA QUE SE LOCALIZARON DATOS
- Cita de la fuente: Procesos de integración en las américas, 2006:
- Información localizada: portada (Pablo Ruiz Nápoles)
902 ## - CATALOGADOR
- Catalogador: VAGG/070922
